000 00478nam a22001577a 4500
999 _c9350
_d9350
008 210405b ||||| |||| 00| 0 eng d
040 _aBMS College of Architecture
100 _aBatra, Prashant
245 _aCity youth centre Nrupatunga road Bangalore
300 _a27p.
500 _a95BG040
502 _8B.Arch
_NBMS College of Architecture, Visvesvaraya Technological University
_aProject report
_d2002
650 _aCity
700 _aRama R S
_eGuide
942 _2ddc
_cTHE